000 00505nam a2200193Ia 4500
005 20241003094941.0
008 131103s9999 xx 000 0 und d
040 _aLoreto College
041 _aEnglish
082 _a900
_bBOL
100 _aBolgar, R. R.
245 4 _aThe classical heritage and its beneficiaries
_cR. R.Bolgar
260 _aNew York
_bHarper Torchbooks
_c1954
300 _avii,591p.
504 _aIncludes appendix & index
650 _aHistory
850 _aLCBED
942 _cBK
999 _c28941
_d79420